| 000 | 00676nam a2200229 4500 | ||
|---|---|---|---|
| 001 | 71940 | ||
| 003 | BD-RjUL | ||
| 005 | 20211209082205.0 | ||
| 008 | 170509s1952 nikau0 b 0 1 a0eng d | ||
| 035 | _a(BD-RjUL)72156 | ||
| 040 |
_aNSD _cNSD _dNYG _dNjP _beng |
||
| 041 | _aeng | ||
| 082 |
_223 _a539.7223 _bPRO 1952 |
||
| 245 | 0 | 0 |
_aProgress in cosmic ray physics / _cedited by J. G. Wilson |
| 260 |
_aAmsterdam : _bNorth-Holland, _c1952 |
||
| 300 |
_axvi, 557 p. : _bill. ; _c24 cm. |
||
| 504 | _aIncludes Bibliography and Indexes | ||
| 650 | 0 |
_aCosmic rays. _9157804 |
|
| 650 | 0 |
_aParticles (Nuclear physics) _9212783 |
|
| 700 |
_aWilson, J. G. _9212784 |
||
| 942 |
_2ddc _cBK |
||
| 999 |
_c71940 _d71940 |
||